000
00315nam a2200121Ia 4500
008
220120s9999||||xx |||||||||||||| ||und||
082
_a
005.1 BAL
100
_a
Balaguruswamy, E
245
0
_a
Object orianted programming in C++
260
_b
New Delhi
300
_a
1043p.
_b
0
650
_a
Machine Design and Drawing
999
_c
136410
_d
136410